<?xml version="1.0" encoding="UTF-8"?>
<record
    xmlns:xsi="http://www.w3.org/2001/XMLSchema-instance"
    xsi:schemaLocation="http://www.loc.gov/MARC21/slim http://www.loc.gov/standards/marcxml/schema/MARC21slim.xsd"
    xmlns="http://www.loc.gov/MARC21/slim">

  <leader>03418naa a22002177i 4500</leader>
  <controlfield tag="001">8073</controlfield>
  <controlfield tag="003">KOSZ 005</controlfield>
  <controlfield tag="005">20180427142700.0</controlfield>
  <controlfield tag="008">160308s2011    pl  ||||| ||||0|| 0 pol  </controlfield>
  <datafield tag="035" ind1=" " ind2=" ">
    <subfield code="a">PBN-R:245944</subfield>
  </datafield>
  <datafield tag="040" ind1=" " ind2=" ">
    <subfield code="c">KOSZ 005/md</subfield>
    <subfield code="a">PBN-ID</subfield>
    <subfield code="d">KOSZ 005/HR</subfield>
  </datafield>
  <datafield tag="041" ind1="0" ind2=" ">
    <subfield code="a">pol</subfield>
    <subfield code="b">pol</subfield>
    <subfield code="b">eng</subfield>
  </datafield>
  <datafield tag="100" ind1="1" ind2=" ">
    <subfield code="a">KUBIAK, Mariusz S&#x142;awomir.</subfield>
    <subfield code="b">Politechnika Koszali&#x144;ska - Wydzia&#x142; Mechaniczny,</subfield>
    <subfield code="c">Katedra Proces&#xF3;w i Urz&#x105;dze&#x144; Przemys&#x142;u Spo&#x17C;ywczego</subfield>
    <subfield code="d">2008 - .</subfield>
  </datafield>
  <datafield tag="245" ind1="1" ind2="0">
    <subfield code="a">Zmiany temperatury w komorach w&#x119;dzarniczo-parzelniczych podczas procesu w&#x119;dzenia kie&#x142;basy &#x15B;l&#x105;skiej /</subfield>
    <subfield code="c">Mariusz Kubiak, Monika Sterczy&#x144;ska.</subfield>
  </datafield>
  <datafield tag="520" ind1=" " ind2=" ">
    <subfield code="a">W pracy przedstawiono zmiany temperatury w komorach w&#x119;dzarniczo-parzelniczych podczas procesu w&#x119;dzenia wybranej kie&#x142;basy w warunkach przemys&#x142;owych. W badaniach wykorzystane zosta&#x142;y komory: 3-, 6- i 9- w&#xF3;zkowe. W trakcie procesu w&#x119;dzenia dokonano pomiaru czasu i temperatury za pomoc&#x105; dziewi&#x119;ciu czujnik&#xF3;w (termopar) umieszczonych we wn&#x119;trzu kom&#xF3;r w&#x119;dzarniczych. Pomiar rozk&#x142;adu temperatury mierzony by&#x142; dla pustych kom&#xF3;r oraz z pe&#x142;nym wype&#x142;nieniem w&#xF3;zk&#xF3;w w&#x119;dzarniczych wsadem, kt&#xF3;ry stanowi&#x142;a kie&#x142;basa &#x15B;l&#x105;ska. Przeanalizowano r&#xF3;wnie&#x17C; zmiany warto&#x15B;ci temperatur zarejestrowanych przez czujniki w komorze, w punktach pomiarowych i por&#xF3;wnano z wynikami otrzymanymi dla czujnik&#xF3;w kontrolnych, za kt&#xF3;re obrano czujniki umieszczone na sta&#x142;e w komorach. Dla warto&#x15B;ci temperatur otrzymanych w do&#x15B;wiadczeniu przeprowadzono analiz&#x119; statystyczn&#x105;, dzi&#x119;ki kt&#xF3;rej stwierdzono, i&#x17C; we wszystkich trzech rodzajach kom&#xF3;r bez wsadu, rozk&#x142;ad temperatury by&#x142; r&#xF3;wnomierny, a wi&#x119;c bez statystycznie istotnych r&#xF3;&#x17C;nic w warto&#x15B;ciach dla punkt&#xF3;w pomiarowych i czujnika kontrolnego. Natomiast dla kom&#xF3;r wype&#x142;nionych kie&#x142;bas&#x105; &#x15B;l&#x105;sk&#x105; rozk&#x142;ad temperatur pomi&#x119;dzy czujnikiem kontrolnym a pozosta&#x142;ymi czujnikami zmienia&#x142; si&#x119; w zale&#x17C;no&#x15B;ci od ilo&#x15B;ci w&#xF3;zk&#xF3;w w komorze i fazy procesu obr&#xF3;bki termicznej.</subfield>
  </datafield>
  <datafield tag="520" ind1=" " ind2=" ">
    <subfield code="a">In this paper, we present temperature changes in smoking-scalding chamber during the process of smoking selected sausage in industrial conditions. 3-, 6- and 9- trolley chambers were used in research. The time and temperature were registered with 9 sensors (thermocouples) inside smoke house chambers during smoking process. The temperature distribution was measured for empty carriages and for chamber carriages filled with &#x15A;l&#x105;ska sausage. Data registered with sensors inside chamber was analysed and compared to data registered with input transducers permanently mounted in the chamber taken as control sensors. Statistical analysis was performed for temperature distribution, which led to the conclusion that in all three types of empty chambers distribution was uniform and without significant difference between data registered by sensors inside chamber and control sensor, but distribution was varying depending on number of carriages in chamber and process phase for chamber filled with sausage.</subfield>
  </datafield>
  <datafield tag="700" ind1="1" ind2=" ">
    <subfield code="a">STERCZY&#x143;SKA, Monika - doktorant.</subfield>
    <subfield code="b">Politechnika Koszali&#x144;ska - Wydzia&#x142; Mechaniczny,</subfield>
    <subfield code="c">Katedra Proces&#xF3;w i Urz&#x105;dze&#x144; Przemys&#x142;u Spo&#x17C;ywczego</subfield>
  </datafield>
  <datafield tag="773" ind1="0" ind2=" ">
    <subfield code="i">W:</subfield>
    <subfield code="t">Zeszyty Problemowe Post&#x119;p&#xF3;w Nauk Rolniczych. -</subfield>
    <subfield code="d">Warszawa : Biuro Wydawnictw i Reklamy WiR, 2011. -</subfield>
    <subfield code="g">Z. 569, s. 243-250</subfield>
  </datafield>
  <datafield tag="856" ind1=" " ind2=" ">
    <subfield code="u">http://www.zeszytyproblemowe.pan.pl/images/stories/Zeszyty/2011/569/24-569.pdf</subfield>
    <subfield code="z">Link do zasobu</subfield>
  </datafield>
  <datafield tag="942" ind1=" " ind2=" ">
    <subfield code="c">ROZ</subfield>
    <subfield code="2">UKD</subfield>
  </datafield>
  <datafield tag="999" ind1=" " ind2=" ">
    <subfield code="c">8073</subfield>
    <subfield code="d">8073</subfield>
  </datafield>
</record>
